Významné banské vodohospodárske sústavy Európy

Banskoštiavnická vodohospodárska sústava. (SR) Horná Harzká vodohospodárska sústava. (DE) Porovnanie.

Gespeichert in:
Bibliographische Detailangaben
1. Verfasser: Červeň, Michal
Format: Buchkapitel
Sprache:Slowakisch
Schlagworte:
Tags: Tag hinzufügen
Keine Tags, Fügen Sie das erste Tag hinzu!

MARC

LEADER 00000naa a2200000 4500
001 0241670
005 20221104113011.7
041 0 |a slo 
044 |a SK 
245 1 0 |a Významné banské vodohospodárske sústavy Európy  |c Michal Červeň 
520 |a Banskoštiavnická vodohospodárska sústava. (SR) Horná Harzká vodohospodárska sústava. (DE) Porovnanie. 
610 2 0 |a vodohospodárstvo 
610 2 0 |a priehrady 
610 2 0 |a baníctvo 
610 2 0 |a Slovensko 
610 2 0 |a Nemecko 
610 2 0 |a energia vodná 
100 1 |a Červeň, Michal